Statistics for Suns all time leaders

Click here to take the quiz!

General Stats

  • This quiz has been taken 15 times
  • The average score is 6 of 24

Answer Stats

Player% Correct
Devin Booker
100%
Charles Barkley
93%
Steve Nash
93%
Amare Stoudemire
60%
Shawn Marion
47%
Kevin Johnson
40%
Dan Majerle
33%
Jason Kidd
33%
Alvan Adams
13%
Connie Hawkins
13%
Dick Van Arsdale
13%
Jeff Hornacek
13%
Mark West
13%
Oliver Miller
13%
Paul Westphal
13%
Walter Davis
13%
Alex Len
7%
Larry Nance
7%
Alvin Scott
0%
Andrew Lang
0%
Gar Heard
0%
Jay Humphries
0%
Neal Walk
0%
Paul Silas
0%

Score Distribution

Percentile by Number Answered

Percent of People with Each Score

Your Score History

You have not taken this quiz